| 000 | 00646nam a2200181Ia 4500 | ||
|---|---|---|---|
| 008 | 140529s9999 xx 000 0 und d | ||
| 020 | _a9789715132879 | ||
| 050 |
_aRG 951 _b.R621 2010 |
||
| 100 | _aRivera, Jhocelyn R. | ||
| 245 |
_aMaternal and child health nursing : _ba research of theory and practice in nursing mother and child : a global standard / _cJhocelyn M. Rivera |
||
| 250 | _a1st ed. | ||
| 260 |
_aManila, Philippines : _bEducational Publishing House, _cc2010. |
||
| 300 |
_a472 p. ; _c26 cm. |
||
| 500 | _aIncludes glossary, index and bibliographical references. | ||
| 521 | _aNUR | ||
| 942 |
_kLOC _cBK |
||
| 999 |
_c117799 _d117799 |
||